| 000 | 00846nas a2200253 4500 | ||
|---|---|---|---|
| 001 | BR2014006936 | ||
| 003 | BR-BrBNA | ||
| 005 | 20231205124716.0 | ||
| 007 | ta | ||
| 008 | 230509b bl.|||p| |||| 00| 00por d | ||
| 040 |
_aBR-BrBNA _bpor _cBiblioteca Nacional de Agricultura |
||
| 041 | _a(Pt) | ||
| 072 | _aP10; P33; U10 | ||
| 100 | 1 | _aSilva, R.M. da | |
| 100 | 1 | _aSantos, C.A.G. | |
| 245 | 1 | _aEstimativa da produção de sedimentos mediante uso de um modelo hidrossedimentológico acoplado a um SIG | |
| 650 | _aSEDIMENTAÇÃO | ||
| 650 | _aHIDROLOGIA | ||
| 650 | _aBACIA HIDROGRÁFICA | ||
| 650 | _aMODELO MATEMÁTICO | ||
| 773 | 0 |
_tRevista Brasileira de Engenharia Agrícola e Ambiental (Brazil) _xISSN 1415-4366 _g(May 2008), V. 12(5) p. 520-526 _wBR2014006936 |
|
| 909 |
_a202311 _bLúcia _c55 _dLúcia Elande |
||
| 942 |
_2AGRIS _n0 _cANA |
||
| 999 |
_c240500 _d240500 |
||